| 000 | 01010nas a2200337 4500 | ||
|---|---|---|---|
| 001 | BR2016003801 | ||
| 003 | BR-BrBNA | ||
| 005 | 20231205130557.0 | ||
| 007 | ta | ||
| 008 | 230509b bl.|||p| |||| 00| 00por d | ||
| 040 |
_aBR-BrBNA _bpor _cBiblioteca Nacional de Agricultura |
||
| 041 | _a(Pt) | ||
| 072 | _aF04; U10 | ||
| 100 | 1 | _aFerraz, G.A. e S. | |
| 100 | 1 | _aSilva, F.M. da | |
| 100 | 1 | _aOliveira, M.S. de | |
| 100 | 1 | _aAvelar, R.C. | |
| 100 | 1 | _aSales, R.S. | |
| 245 | 1 | _aVariabilidade espacial da dose de P2O2 e K2O para adubação diferenciada e convencional em lavoura cafeeira | |
| 650 | _aCAFÉ | ||
| 650 | _aFÓSFORO | ||
| 650 | _aPOTÁSSIO | ||
| 650 | _aADUBAÇÃO | ||
| 650 | _aLAVOURA | ||
| 650 | _aAGRICULTURA DE PRECISÃO | ||
| 650 | _aMODELO MATEMÁTICO | ||
| 650 | _aANÁLISE COMPARATIVA | ||
| 773 | 0 |
_tCoffee Science (Brazil) _xISSN 1809-6875 _g(Jul-Sep 2015), v. 10(3) p. 346-356 _wBR2016003801 |
|
| 909 |
_a202311 _bLúcia _c55 _dLúcia Elande |
||
| 942 |
_2AGRIS _n0 _cANA |
||
| 999 |
_c250186 _d250186 |
||